Sekvestrácia iónov na multifunkčných biopolymérnych alginát-zeolitových peletách

Bibliographic Details
Main Authors: Sabová, Lenka, 1981- (Author), Chmielewská, Eva (Author), Peterlik, Herwig (Author)
Format: Article
Language:Slovak
ISBN:9788089343195

MARC

LEADER 00000naa a2200000uu 4500
001 vtls011057467
003 SK-MaSNL
005 20260302140714.0
008 210907|2008 xo |||||||||||||||||slo|
015 |a SNBRA 
035 |a (urnnbn)urn:nbn:sk:snk:ar-a0bzub 
035 |a (uuid)78d9127f-0ca3-42d3-8ed6-66802f9bd39a 
035 |a urn:nbn:sk:snk-aav6fz 
040 |a SNKBUCL  |b slo  |c SNKBUCL  |e AACR2 
041 0 |a slo 
044 |a xo  |c SK 
100 1 |a Sabová, Lenka,  |d 1981-  |4 aut  |9 236216 
245 1 0 |a Sekvestrácia iónov na multifunkčných biopolymérnych alginát-zeolitových peletách  |c Lenka SABOVÁ, Eva CHMIELEWSKÁ, Herwig PETERLIK 
700 1 |a Chmielewská, Eva  |4 aut  |9 775497 
700 1 |a Peterlik, Herwig  |4 aut  |9 791416 
773 0 |t Geochémia 2008  |d Bratislava : Štátny geologický ústav Dionýza Štúra, 2008  |g S. 123-125  |z 9788089343195 
958 |a OND 
958 |a article12 
958 |a chapter 
999 |c 1332017  |d 1333947